| 000 | 01007nam a2200229Ia 4500 | ||
|---|---|---|---|
| 001 | 282.081 092-LOR se ci (5713) | ||
| 003 | IT-MiSPE | ||
| 008 | 171229s9999||||xx |||||||||||||| ||und|| | ||
| 040 |
_aIT-MiSPE _cIT-MiSPE |
||
| 041 | _aITALIANO | ||
| 100 | _aSergio C. Lorit | ||
| 245 | 0 | _aIl cielo è sceso a Molokai | |
| 250 | _a1a ed. (v) | ||
| 260 |
_aRoma _bCittà Nuova _c1978 |
||
| 300 |
_a245 p. _c18 cm |
||
| 490 | _aMinima | ||
| 500 | _aDamiano, padre; Veuster, Damien De | ||
| 501 | _aEdizioni San Paolo srl - Piazza Soncino, 5 - 20092 CINISELLO BALSAMO (MI) (non commercial uses only) ® Copyright 2018 | ||
| 942 | _cBK | ||
| 957 | _71 | ||
| 999 |
_a16308 _bNO _g Copie: 1 _c348796 _d348796 |
||